Montserrat /
Descripción Física:
Il·lustracions
Colección:
San Jorge,
; núm. 14 (abril 1954), pàg 29-36
Otros Autores:
Català-Roca, Francesc, 1922-1998
Idioma:
Español
MARC
| LEADER | 00000naa a2200000 a 4500 | ||
|---|---|---|---|
| 003 | Arxiu | ||
| 005 | 20260324181047.0 | ||
| 008 | 160829s1954 spcaxx s0 spa c | ||
| 040 | |a agdb | ||
| 100 | |a Oliveras, Alberto |9 29543 | ||
| 245 | 1 | 0 | |a Montserrat / |c por Alberto Oliveras ; información gráfica: Català Roca |
| 300 | |b Il·lustracions | ||
| 490 | |a San Jorge, |v núm. 14 (abril 1954), pàg 29-36 | ||
| 590 | |a Fotografies de Català Roca, Francesc | ||
| 610 | 2 | 0 | |a Montserrat (Monestir) |9 54252 |
| 650 | 0 | |a Himnes catalans |9 54912 | |
| 651 | 0 | |9 51021 |a Montserrat (Catalunya : Massís) | |
| 700 | 1 | |9 26722 |a Català-Roca, Francesc, |d 1922-1998 |e fotografies | |
| 773 | |g Núm. 14 (abril 1954), pàg 29 - 36 |t San Jorge. | ||
| 901 | |a Arxiu | ||
| 942 | |n 1 |2 udc |c ART | ||
| 952 | |0 0 |1 0 |4 0 |6 REV509 |7 1 |9 64774 |a Arxiu |b Arxiu |d 2022-12-13 |l 0 |o Rev-509 |r 2022-12-13 00:00:00 |w 2022-12-13 |y ARXIU | ||
| 999 | |c 52200 |d 52200 | ||